Brawler trios - Statistics

General Stats
  • This quiz has been taken 5 times
  • The average score is 13 of 33
Answer Stats
Hint Answer % Correct
all brawlers in it wear animal masks. types of preists. shaman trio
100%
game trio, one of the brawlers is a blank machine that you'd find at a blank. arcade trio
75%
study life and plants trio. biology trio
75%
gang of brawlers, robbers. goldarm gang trio
75%
entertaining trio. they are entertainers of a country below USA. mexican entertainers trio
75%
city themed, one of the first legendary brawlers in it. retropolis trio
75%
space trio. starr. starr force trio
75%
movies, and actors trio: holywood. brawlywood trio
50%
land of sweets trio. also name of a board game. candyland trio
50%
medieval building where kings live trio(new brawler moe). castle trio
50%
shop trio. gift shop trio
50%
sea marauder trio, most annoying brawler in it. pirate trio
50%
has the starting brawler, western theme. ranch. ranger ranch trio
50%
savior. They save cities. Giant robot, speedster, and mech. superhero trio
50%
wacky circus solo. bizarre circus solo
25%
under the sea trio deep sea trio
25%
duo. magical forest trio. enchanted woods trio
25%
spooky train station duo. ghost station trio
25%
mother, daughter, and nanny robot trio. junkyard junker trio
25%
medieval mansion, manor, solo. medeival manor solo
25%
gem finding trio. look through caves. miner trio
25%
mystical, immortal. mystic wanderer trio
25%
hotel of snow trio. snowy. snowtel trio
25%
security. hub, duo. starr park hub trio
25%
unconfirmed name, kpop, karaoke. solo. starr park karaoke solo
25%
kenji, sushi, japanese. solo Starr sushi solo
25%
cartoons, kit. solo. Starr toon studios solo
25%
cool tricks, and dangerous acts, for entertainment in a show stunt show trio
25%
swamp duo. cupid, matchmaking. swamp of love duo
25%
duo. incompleted. dinosaur. velocirapids trio
25%
they work at a theater trio. cinema trio
0%
a funeral home or a morgue trio. mortuary trio
0%
town or salesman trio always confusing. old town trio or traveling salesman trio
0%
No matching quizzes found
Score Distribution
Percent of People with Each Score
Percentile by Number Answered
Your Score History
You have not taken this quiz